<The> Issue of the commercial insurance market and insurance of non-life risks
Charakteristika neživotných rizík. Členenie medzinárodných rizík, ako súčasti neživotných rizík. Poistenie medzinárodných rizík, ako súčasti neživotných rizík na poistnom trhu.
Gespeichert in:
| 1. Verfasser: | |
|---|---|
| Format: | Buchkapitel |
| Sprache: | Slowakisch |
| Schlagworte: | |
| Tags: |
Keine Tags, Fügen Sie das erste Tag hinzu!
|
MARC
| LEADER | 00000nla a2200000 4500 | ||
|---|---|---|---|
| 001 | 0227761 | ||
| 005 | 20240502083613.0 | ||
| 041 | 0 | |a slo | |
| 044 | |a CZ | ||
| 245 | 1 | 0 | |a <The> Issue of the commercial insurance market and insurance of non-life risks |c Barbora Drugdová |
| 520 | |a Charakteristika neživotných rizík. Členenie medzinárodných rizík, ako súčasti neživotných rizík. Poistenie medzinárodných rizík, ako súčasti neživotných rizík na poistnom trhu. | ||
| 610 | 2 | 0 | |a poisťovníctvo |
| 610 | 2 | 0 | |a matematika poistná |
| 610 | 2 | 0 | |a riziko |
| 610 | 2 | 0 | |a poistenci |
| 100 | 1 | |a Drugdová, Barbora | |